LEADER 01403nam 2200421 450 001 9910774605003321 005 20221223110008.0 010 $a1-00-305321-1 010 $a1-003-05321-1 035 $a(CKB)5600000000001781 035 $a(NjHacI)995600000000001781 035 $a(EXLCZ)995600000000001781 100 $a20221223d2021 uy 0 101 0 $aeng 135 $aur||||||||||| 181 $ctxt$2rdacontent 182 $cc$2rdamedia 183 $acr$2rdacarrier 200 00$aGender equity in STEM in higher education $einternational perspectives on policy, institutional culture, and individual choice /$fedited by Hyun Kyoung Ro, Frank Fernandez, Elizabeth Ramon 210 1$aNew York, New York ;$aLondon :$cRoutledge,$d[2021] 210 4$dİ2021 215 $a1 online resource (254 pages) 311 $a0-367-51293-9 517 $aGender Equity in STEM in Higher Education 606 $aSexism in higher education 606 $aSex discrimination in higher education 615 0$aSexism in higher education. 615 0$aSex discrimination in higher education. 676 $a378.008 702 $aRo$b Hyun-Kyoung 702 $aFernandez$b Frank 702 $aRamon$b Elizabeth 801 0$bNjHacI 801 1$bNjHacl 906 $aBOOK 912 $a9910774605003321 996 $aGender Equity in STEM in Higher Education$92127793 997 $aUNINA LEADER 01239nam 2200457 450 001 9910794925403321 005 20211103203340.0 010 $a1-68325-484-8 010 $a1-68325-458-9 035 $a(CKB)4340000000264125 035 $a(MiAaPQ)EBC5343482 035 $a(Au-PeEL)EBL5343482 035 $a(CaPaEBR)ebr11542389 035 $a(OCoLC)1031339463 035 $a(PPN)233403701 035 $a(EXLCZ)994340000000264125 100 $a20200123d2018 uy 0 101 0 $aeng 135 $aurcnu|||||||| 181 $ctxt$2rdacontent 182 $cc$2rdamedia 183 $acr$2rdacarrier 200 10$aIn praise of hands /$fHenri Focilon, Victoria Charles 210 1$aNew York :$cParkstone International,$d[2018] 210 4$dİ2018 215 $a1 online resource (256 pages) 300 $aIncludes index. 311 $a1-78310-594-1 410 0$aMega Square. 606 $aJewelry$xHistory 615 0$aJewelry$xHistory. 676 $a739.2709 700 $aFocilon$b Henri$01548897 702 $aCharles$b Victoria 801 0$bMiAaPQ 801 1$bMiAaPQ 801 2$bMiAaPQ 906 $aBOOK 912 $a9910794925403321 996 $aIn praise of hands$93806299 997 $aUNINA